| 000 | 00945nas a2200301 4500 | ||
|---|---|---|---|
| 001 | BR2014007535 | ||
| 003 | BR-BrBNA | ||
| 005 | 20231205124743.0 | ||
| 007 | ta | ||
| 008 | 230509b bl.|||p| |||| 00| 00por d | ||
| 040 |
_aBR-BrBNA _bpor _cBiblioteca Nacional de Agricultura |
||
| 041 | _a(En) | ||
| 072 | _aF04 | ||
| 100 | 1 | _aMancuso, M.A.C. | |
| 100 | 1 | _aSoratto, R.P. | |
| 100 | 1 | _aCrusciol, C.A.C. | |
| 100 | 1 | _aCastro, G.S.A. | |
| 245 | 1 | _aEffect of potassium sources and rates on arabica coffee yield, nutrition and macronutrient export | |
| 650 | _aCAFÉ | ||
| 650 | _aSOLO | ||
| 650 | _aADUBAÇÃO | ||
| 650 | _aPOTÁSSIO | ||
| 650 | _aPRODUTIVIDADE | ||
| 773 | 0 |
_tRevista Brasileira de Ciência do Solo (Brazil) _xISSN 0100-0683 _g(Sep-Oct 2014), v. 38(5) p. 1448-1456 _wBR2014007535 |
|
| 856 | 4 | 0 | _uhttp://www.scielo.br/pdf/rbcs/v38n5/a10v38n5.pdf |
| 909 |
_a202311 _bLúcia _c55 _dLúcia Elande |
||
| 942 |
_2AGRIS _n0 _cANA |
||
| 999 |
_c240725 _d240725 |
||